000 00724nam a2200289Ia 4500
005 20260324144536.0
008 008 260324s9999 xx 000 0 eng d
020 _a9781315514413
037 _aEBOOK
040 _aCRL
040 _beng
040 _cCRL
041 _2eng
041 _aeng
084 _qCRL
100 _aThomas J. Lombardo
_91219710
245 4 _aThe Reciprocity of Perceiver and Environment
245 4 _bThe Evolution of James J. Gibson's Ecological Psychology
260 _bTaylor and Francis
260 _c1987
365 _a
365 _b290
856 _uhttp://www.taylorfrancis.com/books/9781315514413
942 _cEBOOK
999 _c1826450
_d1826450